Γνωστική ανάπτυξη

Saved in:
Bibliographic Details
Main Author: Luriia, A. R. (Aleksandr Romanovich), 1902-1977
Other Authors: Κωσταρίδου-Ευκλείδη, Αναστασία, 1949- (edtf), Τερζίδου, Μανίνα (trlf)
Format: Book
Language:Greek
English
Published: Αθήνα : Ελληνικά Γράμματα, 1995 .
Edition:2η έκδ.
Subjects:
Tags: Add Tag
No Tags, Be the first to tag this record!

MARC

LEADER 00000cam a2200000 i 4500
001 1/13488
008 980316s1995 gr | ||| |||| ||gre||
020 |a 960701948- 
035 |l 10019061 
040 |a GR-MyUA  |b gre  |e AACR2 
041 1 |a gre  |h eng 
082 0 |a 153.4 
100 1 |a Luriia, A. R.   |q (Aleksandr Romanovich),   |d 1902-1977. 
245 1 0 |a Γνωστική ανάπτυξη /   |c Α. Ρ. Λούρια ; επιμέλεια Α. Κωσταρίδου-Ευκλείδη.  
250 |a 2η έκδ.  
260 |a Αθήνα :   |b Ελληνικά Γράμματα,   |c 1995 .  
300 |a 181 σ.  
504 |a Περιέχει βιβλιογραφικές παραπομπές.  
600 1 0 |a Vygotskii, L. S.   |q (Lev Semenovich),   |d 1896-1934. 
650 0 0 |a Cognition. 
650 0 0 |a Personality and culture. 
650 0 0 |a Acculturation. 
700 1 |a Κωσταρίδου-Ευκλείδη, Αναστασία,   |d 1949-  |e edtf 
700 1 |a Τερζίδου, Μανίνα,  |e trlf 
765 0 8 |i Μετάφραση του:   |t Cognitive development, its cultural and social foundations /  
852 |a INST  |b LESVOS  |e 19980316  |h 153.4 LUR  |p 005100014809  |q 005100014809  |t BK  |y 0 
852 |a INST  |b RHODES  |e 19980526  |h 153.4 LUR  |p 005400006304  |q 005400006304  |t BK  |y 0 
852 |a INST  |b RHODES  |e 19980831  |h 153.4 LUR  |p 005400006817  |q 005400006817  |t BK  |y 0 
901 |a BIBL-1998-2 
901 |a BIBL-1998-1 
909 |a Λ  |b 056993 
909 |a Ρ  |b 049077 
909 |a Ρ  |b 053684 
922 |a 1ΕΛΗ  |b 199802  |c ΚΠΣ/ΤΚΑ  |d EMVASIS 
922 |a 4ΕΛΗ  |b 199610  |c ΒΙΤΣΙΛΑΚΗ  |d EMVASIS 
922 |a 4ΕΛΗ  |b 199802  |c ΚΠΣ/Ν  |d EMVASIS 
950 |a 117-1998-01-28